Study of interrelation between electromagnetic radiation and rock strength; IOP Conference Series: Materials Science and Engineering; Vol. 110 : Radiation-Thermal Effects and Processes in Inorganic Materials (RTEP2015)

Bibliografiske detaljer
Parent link:IOP Conference Series: Materials Science and Engineering
Vol. 110 : Radiation-Thermal Effects and Processes in Inorganic Materials (RTEP2015).— 2016.— [012085, 6 p.]
Institution som forfatter: Национальный исследовательский Томский политехнический университет (ТПУ) Институт неразрушающего контроля (ИНК) Проблемная научно-исследовательская лаборатория электроники, диэлектриков и полупроводников (ПНИЛ ЭДиП)
Andre forfattere: Yavorovich L. V. Ludmila Vasilievna, Bespalko (Bespal'ko) A. A. Anatoly Alekseevich, Fedotov P. I. Pavel Ivanovich, Pomishin E. K. Evgeny Karlovich
Summary:Title screen
The paper presents the study of the electromagnetic radiation of real rock samples under acoustic impact. The test samples are made of kerns from the iron ore mine with different petrophysical features and strength. The study has shown that the electromagnetic radiation parameters are related to the sample strength. However, this dependence is not observed for samples with magnetite that can be due to individual structural-textural features and quartz inclusions.
Режим доступа: по договору с организацией-держателем ресурса
Sprog:engelsk
Udgivet: 2016
Fag:
Online adgang:http://dx.doi.org/10.1088/1757-899X/110/1/012085
http://earchive.tpu.ru/handle/11683/18093
Format: MixedMaterials Electronisk Book Chapter
KOHA link:https://koha.lib.tpu.ru/cgi-bin/koha/opac-detail.pl?biblionumber=647054

MARC

LEADER 00000nla2a2200000 4500
001 647054
005 20231101134440.0
035 |a (RuTPU)RU\TPU\network\12191 
035 |a RU\TPU\network\12189 
090 |a 647054 
100 |a 20160324a2016 k y0engy50 ba 
101 0 |a eng 
105 |a y z 100zy 
135 |a drgn ---uucaa 
181 0 |a i  
182 0 |a b 
200 1 |a Study of interrelation between electromagnetic radiation and rock strength  |f L. V. Yavorovich [et al.] 
203 |a Text  |c electronic 
300 |a Title screen 
320 |a [References: 31 tit.] 
330 |a The paper presents the study of the electromagnetic radiation of real rock samples under acoustic impact. The test samples are made of kerns from the iron ore mine with different petrophysical features and strength. The study has shown that the electromagnetic radiation parameters are related to the sample strength. However, this dependence is not observed for samples with magnetite that can be due to individual structural-textural features and quartz inclusions. 
333 |a Режим доступа: по договору с организацией-держателем ресурса 
461 0 |0 (RuTPU)RU\TPU\network\2008  |t IOP Conference Series: Materials Science and Engineering 
463 0 |0 (RuTPU)RU\TPU\network\11965  |t Vol. 110 : Radiation-Thermal Effects and Processes in Inorganic Materials (RTEP2015)  |o International Scientific Conference, 31 August to 10 September 2015, Tomsk, Russia  |o [proceedings]  |v [012085, 6 p.]  |d 2016 
610 1 |a электронный ресурс 
610 1 |a труды учёных ТПУ 
610 1 |a взаимосвязь 
610 1 |a электромагнитные излучения 
610 1 |a прочность 
610 1 |a горные породы 
701 1 |a Yavorovich  |b L. V.  |c specialist in the field of electrophysics  |c senior researcher of Tomsk Polytechnic University  |f 1957-  |g Ludmila Vasilievna  |2 stltpush  |3 (RuTPU)RU\TPU\pers\34572 
701 1 |a Bespalko (Bespal'ko)  |b A. A.  |c physicist  |c Leading researcher of Tomsk Polytechnic University, Candidate of physical and mathematical sciences  |f 1948-  |g Anatoly Alekseevich  |2 stltpush  |3 (RuTPU)RU\TPU\pers\32243 
701 1 |a Fedotov  |b P. I.  |c specialist in the field of electrical engineering  |c researcher of Tomsk Polytechnic University  |f 1982-  |g Pavel Ivanovich  |2 stltpush  |3 (RuTPU)RU\TPU\pers\34571 
701 1 |a Pomishin  |b E. K.  |c physicist  |c technician of Tomsk Polytechnic University  |f 1993-  |g Evgeny Karlovich  |2 stltpush  |3 (RuTPU)RU\TPU\pers\36440 
712 0 2 |a Национальный исследовательский Томский политехнический университет (ТПУ)  |b Институт неразрушающего контроля (ИНК)  |b Проблемная научно-исследовательская лаборатория электроники, диэлектриков и полупроводников (ПНИЛ ЭДиП)  |h 194  |2 stltpush  |3 (RuTPU)RU\TPU\col\19033 
801 2 |a RU  |b 63413507  |c 20161121  |g RCR 
856 4 |u http://dx.doi.org/10.1088/1757-899X/110/1/012085 
856 4 0 |u http://earchive.tpu.ru/handle/11683/18093 
942 |c CF